00283nam a22001097a 4500020001800000040000900018082001500027100002000042245003200062260004700094650003200141 a9780471434634 cNust a536.2bKAV aMassoud Kaviany aPrinciples of Heat transfer aNew York:bJohn Wiley and sons Inc,c2002. aPrinciples of Heat transfer